| 000 | 00675nam a2200217 a 4500 | ||
|---|---|---|---|
| 001 | ASIN0176415661 | ||
| 005 | 20170105102928.0 | ||
| 008 | 131213s xxu eng d | ||
| 020 | _a0176415661 (paperback) | ||
| 020 | _a9780176415662 (paperback) | ||
| 040 | _a0 | ||
| 050 | 0 | 4 | _aJA83 |
| 082 | 0 | 4 |
_a320.9045 _bBRA 2004 |
| 245 | 0 | 0 |
_aBraving the new world : _breadings in contemporary politics, third edition. |
| 260 |
_a[S.l.] : _bNelson College Indigenous, |
||
| 300 | _a1 v. (unpaged) | ||
| 650 | 0 | _aPolitical science | |
| 650 | 0 | _aWorld politics | |
| 856 | 4 | 0 |
_3Amazon.com _uhttp://www.amazon.com/exec/obidos/ASIN/0176415661/chopaconline-20 |
| 942 |
_2ddc _cBK |
||
| 999 |
_c15908 _d15908 |
||